Iglesia y sociedad civil ante la hegemonía neoliberal: fundamentos socio-religiosos para el educador teológico /
Guardado en:
| Hovedforfatter: | |
|---|---|
| Format: | Texto |
| Fag: | |
| Tags: |
Tilføj Tag
Ingen Tags, Vær først til at tagge denne postø!
|
MARC
| LEADER | 00000 a a2200000 04500 | ||
|---|---|---|---|
| 001 | 4111 | ||
| 003 | |||
| 040 | |||
| 100 | |a Barrera Rivera, Pablo | ||
| 245 | |a Iglesia y sociedad civil ante la hegemonía neoliberal: |b fundamentos socio-religiosos para el educador teológico / |c Pablo Barrera Rivera | ||
| 650 | |a IGLESIA | ||
| 650 | |a SOCIEDAD CIVIL | ||
| 650 | |a NEOLIBERALISMO | ||
| 650 | |a EDUCACION | ||
| 650 | |a TEOLOGIA | ||
| 650 | |a ESTADO | ||
| 650 | |a POLITICA | ||
| 650 | |a MODELOS ECONOMICOS | ||
| 773 | |g volumen 31, número 1 (115); páginas 37-55 | ||
| 999 | |c 25004 |d 25004 | ||
